| 000 | 01073nam a22003135a 4500 | ||
|---|---|---|---|
| 001 | 17581541 | ||
| 005 | 20201128021111.0 | ||
| 008 | 130107s2013 xxkko frbd 001 0 eng d | ||
| 020 | _a9781446270851 | ||
| 040 |
_aDLC _cDLC _dEG-ScBUE |
||
| 082 | 0 | 0 |
_222 _a610.73 _bHOW |
| 100 | 1 |
_aHowatson-Jones, Lioba _936289 |
|
| 245 | 1 | 0 |
_aReflective practice in nursing / _cLioba Howatson-Jones ; series editors Shirley Bach and Mooi Standing. |
| 250 | _a2nd ed. | ||
| 260 |
_aLondon : _bSage Publications : _bLearning Matters, _c2013. |
||
| 300 |
_ax, 170 p. : _bforms, photographs ; _c25 cm. |
||
| 490 | 0 | _aTransforming nursing practice | |
| 500 | _aGlossary : p. 159-160. | ||
| 500 | _aIndex : p. 167-170. | ||
| 504 | _aBibliography : p. 161-166. | ||
| 650 | 0 |
_aNursing _92162 |
|
| 650 | 2 | 2 |
_936292 _aEducation, Nursing |
| 650 | 2 | 2 |
_aNursing Process _936293 |
| 653 |
_bNNUR _cOctober2014 _cDecember2014 |
||
| 655 |
_vreading book _934232 |
||
| 700 | 1 |
_a Bach, Shirley _936290 _eseries editor. |
|
| 700 | 1 |
_aStanding, Mooi _936291 _eseries editor. |
|
| 942 |
_2ddc _k610.73 HOW |
||
| 999 |
_c18483 _d18455 |
||